000 00509nam a22001577a 4500
020 _qHard Cover.
082 _a621.3
100 _aUme Hani Malik
245 _aUse of Adaptive Filters for Three Phase Distorted Grid Connected Systems/
_cUme Hani Malik
260 _aIslamabad :
_bCEME - NUST,
_c2016.
300 _a96 p. : ill. ;
_c30cm.
650 _aElectrical Engineering-MS-Thesis
_916073
700 _aDr. Usman Ali
_931516
942 _2ddc
_cTHE
999 _c540449
_d540449